Cercles de comparació intermunicipal : any 2005 : informe comparatiu global any 2005 :
Publicado:
Barcelona :
Diputació de Barcelona. Àrea de Benestar Social : Cercles de Comparació en Serveis Socials ,
2007
Descripción Física:
36 p. : gràf. ; 29 cm
MARC
| LEADER | 00000nam a2200000Ia 4500 | ||
|---|---|---|---|
| 001 | 21124 | ||
| 008 | 160829s2007 xx 000 0 cat d | ||
| 080 | |a FU-27-4 | ||
| 245 | |a Cercles de comparació intermunicipal : |b any 2005 : |b informe comparatiu global | ||
| 260 | |a Barcelona: |b Diputació de Barcelona. Àrea de Benestar Social : |b Cercles de Comparació en Serveis Socials, |c 2007 | ||
| 300 | |a 36 p. : |b gràf. ; |c 29 cm | ||
| 590 | |a A la coberta: Informe | ||
| 650 | 0 | |a Serveis socials |x Barcelona (Catalunya : Província) |9 36719 | |
| 710 | 1 | |a Barcelona (Catalunya : Província). |b Àrea de Benestar Social |9 52988 | |
| 710 | 2 | |a Cercles de Comparació Intermunicipal |9 53629 | |
| 901 | |a Arxiu | ||
| 942 | |n 1 | ||
| 952 | |0 0 |1 0 |4 0 |6 FU274 |7 1 |9 50652 |a Arxiu |b Arxiu |d 2016-12-01 |l 0 |o FU-27-4 |p 21124 |r 2016-12-01 00:00:00 |w 2016-12-01 |y ARXIU | ||
| 999 | |c 54494 |d 54494 | ||